TH-SOF-2053-Dataset Collection and Mechanism Design for Semi-Automation of Prosthetic Pneumatic Knee Joint (Record no. 591819)

000 -LEADER
fixed length control field 00448nam a22001337a 4500
040 ## - CATALOGING SOURCE
Transcribing agency NUST
082 ## - DEWEY DECIMAL CLASSIFICATION NUMBER
Classification number 200 THE
100 ## - MAIN ENTRY--PERSONAL NAME
Personal name Muhammad Hamza Qureshi
9 (RLIN) 100316
110 ## - MAIN ENTRY--CORPORATE NAME
Corporate name or jurisdiction name as entry element Supervised by Prof. Dr. Mohsin Islam Tiwana
9 (RLIN) 100317
245 ## - TITLE STATEMENT
Title TH-SOF-2053-Dataset Collection and Mechanism Design for Semi-Automation of Prosthetic Pneumatic Knee Joint
260 ## - PUBLICATION, DISTRIBUTION, ETC.
Place of publication, distribution, etc. ISLAMABAD:
Name of publisher, distributor, etc. NUST COLLEGE OF EME,
Date of publication, distribution, etc. 2022.
650 ## - SUBJECT ADDED ENTRY--TOPICAL TERM
Topical term or geographic name entry element MS-MTS-18
942 ## - ADDED ENTRY ELEMENTS (KOHA)
Source of classification or shelving scheme
Koha item type Thesis
Holdings
Withdrawn status Lost status Source of classification or shelving scheme Damaged status Not for loan Permanent Location Current Location Shelving location Date acquired Total Checkouts Full call number Barcode Date last seen Price effective from Koha item type
          College of Electrical & Mechanical Engineering (CEME) College of Electrical & Mechanical Engineering (CEME) Thesis 10/14/2022   200 THE TH-SOF-2053 10/14/2022 10/14/2022 Reference
© 2023 Central Library, National University of Sciences and Technology. All Rights Reserved.